000 00892nam a2200229 i 4500
001 58654
003 ES-MaACL
005 20230906163845.0
007 t|
008 031023s1978 sp ||||1| spa d
080 _a821.134.2-22.09"16"(04)
245 0 0 _aPerspectivas de la comedia
_b: colección de ensayos sobre el teatro de Lope, G. de Castro, Calderón y otros /
_creunidos bajo la direccion de Alva V. Ebersole.
260 _a[Chapel Hill]| :
_bEstudios de Hispanófila,
_c1978.
300 _a143 p. ;
_c21 cm.
490 1 _aSiglo de oro. Estudios de hispanófila ;
_v6
500 _aTextos e índice en inglés y español.
650 4 _aComedia española-
_yS.XVI-XVII-
_xHistoria y crítica.
_9148249
700 0 _aEbersole, Alva V.
_946472
830 0 _aSiglo de oro. Estudios de hispanófila ;
_v6
_9230484
852 _aES-MaACL
_jL-6973
_bR.107623
999 _c58654
_d58654